Odpowiedź zaczyna się na ''W'' - Statystyki

Ogólne statystyki
  • Ten quiz został rozwiązany 38 razy
  • Średni wynik to 8 z 10
Statystyki odpowiedzi
Hint Odpowiedź % Poprawnych
Stolica polski Warszawa
100%
Najmniejszy kraj na świecie Watykan
100%
Najdłuższa rzeka w Polsce Wisła
100%
Kraj w którym znajduje się Rzym Włochy
100%
Azjatycki kraj na literę ''W'' Wietnam
97%
Najludniejsze miasto nad Ordą Wrocław
97%
Dzielnica na której znajduje sięnajwyższy budynek w Unii Europejskiej Wola
58%
Największa dzielnica Warszawy. (powieszchnia) Wawer
47%
Dzielnica Łodzi Widzew
36%
Przystanek metra M1 (są trzy) WawrzyszewWierzbno Wilanowska
22%
Nie znaleziono quizów pasujących do podanych kryteriów
Rozkład punktacji
Procent ludzi z każdym wynikiem
Percentyl według liczby udzielonych odpowiedzi
Twoja historia wyników
Nie rozwiązałeś tego quizu